[Event "FIDE World Cup"]
[Site "Tbilisi"]
[Date "2017.09.08"]
[Round "2.4"]
[White "Harikrishna, Pentala"]
[Black "Sethuraman, SP."]
[Result "0-1"]
[WhiteElo "2743"]
[BlackElo "2618"]
[Annotator "Sethuraman,SP"]
[PlyCount "124"]
[EventDate "2017.09.03"]
[EventType "k.o."]
[EventRounds "7"]
[EventCountry "GEO"]
[SourceTitle "CBM 181"]
[Source "ChessBase"]
[SourceDate "2017.11.10"]
[SourceVersion "1"]
[SourceVersionDate "2017.11.10"]
[SourceQuality "1"]

{I was paired against my compatriot GM Harikrishna in the second round. Is it
World Cup 2015? No 2017!! Yes strangely enough we had faced each other in the
exact same second round of the 2015 edition as well, which ended in my favour.
The first game was a short draw with the black pieces in the Berlin Defence
and the second game was very complicated and also ended into a draw forcing
the playoffs. This was the first time I had been in the playoffs in the World
Cup considering that I won the first two matches in the World Cup 2015 without
having the need to play the tiebreak as well as here in the first round too
against Ruslan I didn't have the need to play the tiebreak.  So it was
completely new to me, whereas my opponent had some hiccoughs getting through
the first round after having to play several tiebreak rounds. So he had the
experience of facing the tiebreaks and I was new to it. On one hand it can be
an advantage for my opponent but on the other hand he might be tired too after
having to play tough games every day.  It is very hard to say but it was an
interesting fight. In the first game I had a big advantage but failed to
convert it and it ended in a draw. So in the second one I got to play a fine
positional game, not making a single mistake!} 1. e4 {So yeah the second game
heated up.} e5 2. Nf3 Nc6 3. Bc4 {The Italian is very fashionable nowdays just
bypassing all the Spanish Ruy Lopez systems and of course the Berlin.} Bc5 4.
c3 Nf6 5. d3 O-O 6. a4 {There are many move orders for both sides and this is
one of the orders where Black gets to play ...d5 but White makes use of his a4
to expand immediately by a5 which is not possible when he has castled.} (6. O-O
) 6... d5 $1 7. exd5 Nxd5 8. a5 a6 9. O-O Bf5 {I was in my prepartion.} 10. Bg5
$6 (10. Nbd2 b5 $1 11. axb6 Nxb6 12. Nb3 Be7 13. Bxa6 Rxa6 14. Rxa6 Bxd3 15.
Ra1 Bxf1 16. Qxd8 Rxd8 17. Kxf1 f6 {Alekseev,E (2636)-Predke,A (2587) Sochi
2016, and Black had a comfortable game.}) (10. Qb3 Nf6 11. Qxb7 (11. Ng5 Bxd3
$17) 11... Qd7 12. Qb3 Bxd3 13. Bxd3 Qxd3 14. Qa4 Qd5) 10... Be7 11. Bxe7 (11.
Qb3 Bxg5 12. Bxd5 Rb8) 11... Ndxe7 12. Nh4 (12. Re1 Ng6) 12... Be6 $1 13. Nd2 (
13. Bxe6 fxe6 {and Black gets his knight to f4 completely justifying allowing
his pawns to be shattered (e6)!}) 13... Nd5 14. g3 Nf4 $1 {Nevertheless the
knight reaches its destination.} 15. Ndf3 (15. Ne4 Bxc4 16. dxc4 f5 17. Qxd8
Raxd8 18. Nc5 Ne2+ 19. Kg2 Rd2 $132) 15... Bxc4 (15... Nh3+ 16. Kg2 Bc8 $5 {
of course without any doubt this is a computer's idea. It is too subtle} (16...
Bd7 17. d4 $1 g5 (17... exd4 18. Nxd4) 18. Nxe5 Nxe5 19. dxe5 gxh4 20. e6 $1
fxe6 21. Kxh3) 17. Ng1 {and it goes on! But Black gets a pleasant position.})
16. dxc4 Ne6 (16... Nd3 {First I wanted to play this move but was not sure
what the knight was doing there as White can exchange any time by Ne1.}) 17.
Re1 $6 (17. Qe2 $142 {White has to keep the queens on the board so as not to
end up defending an unpleasant ending} f6 18. b4 $11) 17... Qxd1 18. Raxd1 f6 {
I was happy with my position as I had a good pawn structure.} 19. b4 Rad8 20.
Nd2 (20. Kf1 $142) 20... Kf7 {Bringing the king into play is a imprtant tool
in the endgame.} 21. Nb3 Ne7 $1 {The knight on c6 is restricted by White's
pawn so let's re-route it to a better square...} 22. Kf1 g5 $1 23. Ng2 Nf5 {
Already the white position is unpleasant and his pieces are slowly going back
and now he lost the thread with Rd5! It's very difficult to play such
positions and defend them for a long time in rapid play.} 24. Rd5 (24. Ke2 {
trying to exchange some pieces by Ne3 as the knight is clearly bad on g2.} h5
25. Ne3 Nd6) 24... Nd6 25. c5 $2 (25. Nd2 h5 $15) 25... Nb5 $1 {The knight is
jumping all over, slowly attacking pawns one by one. All the white pawns are
now vulnerable.} 26. c4 Nc3 27. Rxd8 Rxd8 28. Ne3 Rd3 {[%cal Gc3a2]} 29. Nc1
Rd2 30. Ne2 Na2 31. Nd5 (31. Rb1 Rxe2 {was the little trick} 32. Kxe2 Nc3+ 33.
Kd3 Nxb1 34. Kc2 Na3+ 35. Kb3 Nxc4 36. Kxc4 Nd4 $17) 31... Rb2 $19 {The rest
is just a matter of technique.} 32. f4 gxf4 33. gxf4 Nxb4 34. fxe5 Nd3 35. Rd1
Nxe5 36. Rc1 c6 37. Ne3 Nxc5 38. Rd1 Rb3 39. Nc2 Nxc4 40. Rd8 Ne3+ 41. Nxe3
Rxe3 42. Ng3 Ra3 43. Rh8 Kg7 44. Re8 Rxa5 45. h4 Ra3 46. Kg2 Rd3 47. Re7+ Kg6
48. h5+ Kh6 49. Kh3 Kg5 50. Rg7+ Kf4 51. Kh4 Rd7 52. h6 a5 53. Ne2+ Ke5 54. Nc3
b5 55. Rg1 b4 56. Re1+ Kd6 57. Ne2 b3 58. Nd4 a4 59. Rc1 b2 60. Rb1 Rb7 61. Nc2
Rb3 62. Kg4 Ne4 {I was really happy and excited to repeat my World Cup 2015
result, winning for the second time and thus qualifying for the third round.}
0-1

[Event "Interzonal-16"]
[Site "Biel"]
[Date "1993.??.??"]
[Round "4"]
[White "Wolff, Patrick G"]
[Black "Shirov, Alexei"]
[Result "1/2-1/2"]
[WhiteElo "2585"]
[BlackElo "2685"]
[Annotator "Shirov,A"]
[PlyCount "92"]
[EventDate "1993.07.16"]
[EventType "swiss"]
[EventRounds "13"]
[EventCountry "SUI"]
[SourceTitle "CBM 037"]
[Source "ChessBase"]
[SourceDate "1993.12.01"]
[SourceVersion "1"]
[SourceVersionDate "1993.12.01"]
[SourceQuality "1"]

1. e4 e5 2. Nf3 Nc6 3. Bc4 Bc5 4. O-O Nf6 5. d3 O-O 6. c3 a6 $5 7. Nbd2 d6 8.
Bb3 h6 $6 (8... Ba7 9. Re1 Ng4 10. Re2 Kh8 11. h3 Nh6 {/\ f5}) 9. Re1 Ne7 (9...
Nh5 10. Nf1 Qf6) 10. Nf1 Ng6 11. Ng3 Be6 12. Bc2 Re8 13. d4 Bb6 14. h3 c6 15.
Be3 Qc7 16. Rc1 $5 Rad8 17. Bb1 $1 Ba7 $6 (17... d5 18. exd5 (18. dxe5 Nxe4) (
18. Nxe5 Nxe5 19. Bf4 Nfd7 20. exd5 Bxd5 21. Qc2 g6 22. dxe5 Nxe5 23. Nh5 $1 (
23. c4 Nf3+ $1) 23... Re6 $1 24. c4 $1 Bxc4 $1 25. Rxe5 (25. Nf6+ Kg7 26. Ng4
$2 Nf3+) 25... Rxe5 26. Nf6+ (26. Qxc4 gxh5 27. Qc2 f6 $1 $10) 26... Kg7 27.
Ng4 Re1+ 28. Rxe1 Qxf4 29. Re4 Qxe4 $3 (29... Qd2 30. Rxc4 Qe1+ 31. Kh2 Rd1 32.
Re4 $1 Bc7+ 33. f4 Qg1+ 34. Kg3 Rxb1 35. Qc3+ $18) 30. Qxe4 Rd1+ 31. Kh2 Bc7+
32. f4 (32. g3 $2 Bd5) 32... Bd5 33. Qe3 Rxb1 34. Qd4+ Kf8 35. Nxh6 (35. Nf6
Ke7 $1 36. Nxd5+ cxd5 $10) 35... g5 $1 36. Qh8+ Ke7 37. Ng8+ Kd7 38. Nf6+ Ke7
39. Nxd5+ cxd5 $13) 18... Bxd5 19. Bxg6 (19. dxe5 Bxe3 (19... Nxe5 20. Bxb6
Nxf3+ 21. Qxf3 Qxb6 22. Qf5 Be6 23. Qc2 g6 $10) 20. Rxe3 Bxf3 21. Qxf3 Nxe5)
19... exd4 $1 (19... Bxf3 20. Bxf7+ $1 (20. Qxf3 fxg6) 20... Qxf7 21. Qxf3 $14)
20. Bxf7+ $1 Qxf7 21. Bxd4 Bxa2 22. Rxe8+ Nxe8 $13) 18. Qa4 b5 19. Qc2 Bb8 $6 (
19... c5 20. d5 Bd7 21. c4 Rb8 $1) 20. Rcd1 Ba7 21. Qc1 Bb6 22. Bc2 $1 (22. Nf5
Bxf5 23. exf5 e4 24. fxg6 exf3 25. gxf3 Qd7 $13) 22... c5 $2 (22... a5 23. Bb3
a4 24. Bxe6 fxe6) 23. d5 Bc8 (23... Bd7 24. Bxh6 gxh6 25. Qxh6 $18) 24. c4 $1
Kh7 25. Bd3 Bd7 26. Rf1 bxc4 27. Bxc4 Bb5 28. Qc2 $2 (28. Nf5 $1 Ng8 (28... Ne7
$2 29. Bxb5 axb5 30. Nxg7 $1 Kxg7 31. Bxh6+ Kh7 32. Qg5 Ng6 33. Qxf6 Kxh6 34.
Nh4 $1 Kh7 35. Nf5 Rg8 36. Qg5 $18) 29. Nh2 $1 $16) 28... Qd7 29. b3 Ba5 30.
Nh2 Rb8 31. f4 $2 (31. f3 $1 Bxc4 32. Qxc4 Qb5 33. Qc1 $1 Ne7 34. Rf2 $16)
31... Bxc4 32. Qxc4 Rb4 $1 33. Qxa6 exf4 $5 (33... Nxe4 34. Nxe4 Rxe4 35. f5
Nh4 36. Qd3 Rb4 $13) 34. Bxf4 Bc7 $1 35. Bxh6 $3 (35. Bd2 Nxe4 $1 36. Bxb4 Nxg3
) 35... Kxh6 36. Rxf6 $1 (36. Qe2 Rbxe4 $1 37. Nxe4 Nxe4 $17) 36... gxf6 37.
Qe2 Kg7 38. Rf1 (38. Ng4 Re5 $1 39. Nxe5 fxe5 40. Nf5+ Kf8 41. Qe3 Ke8 $1)
38... Re5 39. Ng4 Qe7 40. Qd2 $1 (40. Nxe5 Qxe5 41. Nh5+ Kh8 42. Nxf6 Bd8 $1
$17) 40... Kf8 (40... Bd8 $1 41. Nf5+ (41. Rf5 Kf8 $1 42. Nxe5 (42. Rxe5 fxe5
43. Qh6+ Ke8 44. Nf5 Qg5 45. Nxd6+ Kd7) 42... fxe5 43. Rh5 Qf6) (41. Qh6+ Kg8
42. Rf5 {/\ Nh5!} Qf8 $1 43. Qe3 (43. Qh5 Rbxe4 $1 44. Nxe4 Rxe4) 43... Rxf5
44. Nxf5 c4 $1 $17) 41... Rxf5 42. exf5 Ne5) 41. Nxf6 Kg7 42. Ngh5+ (42. Rf5
Rxf5 43. Nxf5+ Kxf6 44. Nxe7 Kxe7) (42. Ng4 Qg5 43. Qf2 Nh8 $1) 42... Rxh5 43.
Nxh5+ Kh7 44. Nf6+ Kg7 45. Nh5+ (45. Qg5 Bd8 $1) (45. Ng4 Qh4 $1) 45... Kh7 46.
Nf6+ Kg7 1/2-1/2

[Event "Geneva FIDE GP"]
[Site "Geneva"]
[Date "2017.07.08"]
[Round "3"]
[White "Harikrishna, Pentala"]
[Black "Mamedyarov, Shakhriyar"]
[Result "1/2-1/2"]
[WhiteElo "2737"]
[BlackElo "2800"]
[Annotator "Silver,A"]
[PlyCount "67"]
[EventDate "2017.07.06"]
[EventType "swiss"]
[EventRounds "9"]
[EventCountry "SUI"]
[SourceTitle "CBM 180"]
[Source "ChessBase"]
[SourceDate "2017.09.13"]
[SourceVersion "1"]
[SourceVersionDate "2017.09.13"]
[SourceQuality "1"]

1. e4 e5 2. Nf3 Nc6 3. Bc4 Bc5 4. c3 Nf6 5. d3 a6 6. O-O d6 7. a4 {[%emt 0:00:
05]} Ba7 8. Re1 O-O 9. h3 b5 (9... Ne7 10. d4 Ng6 11. Nbd2 c6 12. Bd3 Re8 13.
Bc2 h6 14. Nf1 exd4 15. cxd4 {1-0 (40) Kramnik,V (2808)-Carlsen,M (2832)
Stavanger 2017}) 10. Ba2 $146 (10. Bb3 b4 11. a5 Rb8 12. Nbd2 Be6 13. Bc4 Qc8
14. Bxe6 Qxe6 15. Nc4 Rb5 16. Be3 Bxe3 17. Nxe3 bxc3 18. bxc3 Rxa5 19. Rxa5
Nxa5 20. Qa4 {1/2-1/2 (20) Shankland,S (2676)-Tari,A (2593) Khanty-Mansiysk
2017}) 10... b4 11. Bg5 Rb8 12. Nbd2 h6 13. Bh4 Be6 14. Bc4 g5 15. Bg3 Na5 16.
Bxe6 fxe6 17. d4 bxc3 18. bxc3 Nh5 19. Bh2 exd4 20. cxd4 Nc6 21. Rc1 Qd7 22.
Re3 Rb7 23. Nb3 e5 24. Nxe5 dxe5 25. Qxh5 {It is quite clear here that Black
is in a world of pain. His king is wide open, Qg6+ is threatened, Rec3 is
threatened, and e5 is under pressure as well.} Kh7 26. Rec3 $1 Nxd4 27. Bxe5 ({
The best move was} 27. Na5 $1 {as per the computer, but one would need to be
very confident no oversight had been made in the main line after} Ne2+ 28. Qxe2
{Forced since both Kh1 and Kf1 lose for White.} Rxf2 29. Qc4 $1 {Probably the
move Harikrishna missed, and White is winning.} (29. Qxf2 Bxf2+ 30. Kxf2 Rb2+
31. Kg1 Qd2 32. Rxc7+ Kg8 {with a draw.})) 27... Rxf2 $2 (27... Nxb3 28. Rc6 $1
$18) (27... Ne6 28. Rf3 Qe8) 28. Kh2 $2 ({Not} 28. Kxf2 $2 Nxb3+ 29. Kg3 Nxc1
30. Rc6 $1 Rb3+ 31. Kh2 Rxh3+ $1 32. Qxh3 (32. gxh3 Qd2+ 33. Kg3 Qe1+ 34. Kf3
Qe3+ 35. Kg4 Qxe4+ 36. Kg3 Ne2+ $19) 32... Qxc6 $11) (28. Nc5 $18 {is the
winner, cutting off the bishop and thus the threats.} Qf7 (28... Bxc5 29. Rxc5)
29. Qxf7+ Rxf7 30. Bxd4) 28... Ne6 $16 {Keeping tight control over c7.} ({
But not} 28... Nxb3 $2 29. Rc6 $18) 29. Rd1 Qe7 ({Avoiding the trap} 29... Qxa4
$2 30. Rf3 $18 Rxf3 31. Qxf3 Qe8 32. Qf5+ Kg8 33. Qf6) 30. Qg4 Qf7 $11 {
The danger is mostly past, and Black has now balanced the game with threats of
his own.} 31. Rc6 h5 32. Qg3 $1 (32. Qxe6 {leads to mate after} Rxg2+ $3 33.
Kh1 Rh2+ $3 34. Kxh2 Qf2+ 35. Kh1 Qf3+ 36. Kh2 Qe2+ 37. Kh1 Qxd1+ 38. Kg2 Qg1+
39. Kf3 Qf2#) 32... Rf1 33. Qd3 Rxd1 34. Qxd1 1/2-1/2